| 000 | 00554nam a22001817a 4500 | ||
|---|---|---|---|
| 005 | 20251108172118.0 | ||
| 008 | 250721s1994 xx 000 0 ara d | ||
| 082 | 1 | 4 | _a932/كري |
| 100 | 1 | _aكريم، سيد | |
| 245 | 1 | 0 | _aالحكم و الأمثال في الأدب الفرعوني / |
| 264 | 1 |
_aالقاهرة : _bالهيئة المصرية العامة للكتاب، _c1994. |
|
| 300 | _a187ص | ||
| 650 | 1 | 7 | _aالفراعنة |
| 650 | 1 | 7 | _aالحضارة |
| 650 | 1 | 7 | _aالحكم و الأمثال |
| 942 |
_2ddc _cBK |
||
| 999 |
_c70744 _d70744 |
||